000 00709nam a22002057a 4500
005 20260518111122.0
010 _aENG-148506
020 _a9789371361200
_c680.00
035 _aEN-132038
037 _bDBAD
082 _a370
_24
100 _aDawar, Heena
_989121
245 _aNTA UGC 2026 NET SET JRF:
_bEducation/
_cHeena Dawar
250 _a4
260 _aUttar pradesh
_bPearson India Education Service Pvt. Ltd.
_c2026
270 _a15th Floor, Tower -B, World Trade Tower, PLot No.1, Block-C, Sector 16, Noida
_bNoida (Uttar pradesh)
_e201301
_k044-66540100
_mcompanysecretary.india@pearson.com
300 _avpp. :
_c25cm(pb)
500 _aPaper II
942 _2ddc
_cEN
_h370
_mDAW
999 _c216232
_d216232